Assassin's Creed: Brotherhood of Assassins Branches - Statistics

General Stats
  • This quiz has been taken 55 times
  • The average score is 9 of 13
Answer Stats
Hint Answer % Correct
Arno French
100%
Bayek Egypt
94%
Jacob British
91%
Ezio Italy
91%
Kassandra Greece
83%
Shao China
81%
Arbaaz India
81%
Nikolai Russia
79%
Connor Continental
66%
Aguilar Spain
55%
Edward West Indies
55%
Altair Levant
38%
Basim Ottoman
17%
No matching quizzes found
Score Distribution
Percent of People with Each Score
Percentile by Number Answered
Your Score History
You have not taken this quiz